00660nam a2200169Ia 4500003000400000005001700004008004100021040002900062050003100091100005100122245011200173260003200285300000900317942001200326952013700338999001500475OSt20240123134748.0230105s9999||||xx |||||||||||||| ||und|| cChuka University Library aSBL QH 541.15bM3I57 1987  aJ.B. Shuka, T.G. Hallam, V. Capasso (ed)94614 0aMathematical modelling of environmental and ecological systems.-(development in environmental modelling,II) aElsevier bAmsterdam c1987 ap254 cBK2lcc 00102lcc40708LGLaCHKbCHKcSBLd2023-01-05l0oSBL QH 541.15 .M3I57 1987 V.2p1327/2006r2023-01-05 00:00:00t2w2023-01-05yBK c7321d7321